00502 2200193 4500001002100000005001500021008004100036020002200077035001900099041000700118082001100125090001700136100002500153245005100178260002700229300002500256500001100281650001600292INLIS00000000000145020241224112343241224||||||||| | ||| |||| || |  a978-979-665-615-9 0010-1224001450 aid0 a371.36 a371.36 HEN s0 aHenry Guntur Tarigan00aSterategi Pembelajaran dan Pembelajaran Bahasa aBandungbAngkasac1991 avi, 210 hlm. ; 21 cm aCet. 1 0aIlmu Sosial